Prontuario agrario : preguntas y respuestas sobre legislación agraria /
Contiene: Génesis e importancia del artículo 27 constitucional; Hacia el campo: preguntas y respuestas sobre legislación agraria; Prontuarios sobre legislación agraria; Normatividad agraria.
Guardat en:
| Autor principal: | |
|---|---|
| Format: | Llibre |
| Idioma: | espanyol |
| Publicat: |
México :
Porrúa,
2001, c2001
|
| Matèries: | |
| Etiquetes: |
Sense etiquetes, Sigues el primer a etiquetar aquest registre!
|
MARC
| LEADER | 00000nam^a2200000^a^4500 | ||
|---|---|---|---|
| 001 | 000132979 | ||
| 005 | 20250521000000.0 | ||
| 009 | 20260310095115.584 | ||
| 020 | |a 970-07-3112-X | ||
| 037 | |a Acervo ITESO - Biblioteca | ||
| 041 | |a ESP | ||
| 082 | |a 346. 72074 |b GAL | ||
| 100 | |a Gallardo Zúñiga, Rubén |e (autor) | ||
| 245 | 1 | 0 | |a Prontuario agrario : |b preguntas y respuestas sobre legislación agraria / |c R. Gallardo Zúñiga ; pról. de Carmen Laura López Almaraz. |
| 264 | 4 | |a México : |b Porrúa, |c 2001, c2001 | |
| 300 | |a 299 p. | ||
| 336 | |a texto |b txt |2 rdacontenido | ||
| 337 | |a sin mediación |b n |2 rdamedio | ||
| 338 | |a volumen |b nc |2 rdasoporte | ||
| 520 | |a Contiene: Génesis e importancia del artículo 27 constitucional; Hacia el campo: preguntas y respuestas sobre legislación agraria; Prontuarios sobre legislación agraria; Normatividad agraria. | ||
| 649 | |a XX | ||
| 650 | |a Derecho Agrario - |z México | ||
| 650 | |a Derecho Agrario - |z México - |x Leyes y Reglamentos | ||
| 650 | |a Derecho Público - |z México | ||
| 910 | |a Fondo General | ||
| 920 | |a Impresos - Libros | ||
| 930 | |a Colección General | ||
| 905 | |a 101 | ||
| 901 | |a 0500062450 |b IT1 |c ACC |u 20250521 | ||
| 902 | |a https://opac.biblio.iteso.mx/vufind/Record/000132979 | ||